| 000 | 00700nam a2200217Ii 4500 | ||
|---|---|---|---|
| 003 | JO-AjNU | ||
| 008 | 230606s9999||||xx |||||||||||||| ||und|| | ||
| 020 | _a0-538-82534-0 | ||
| 040 |
_aJO-AjNU _beng _erda _cJO-AjNU |
||
| 041 | _aeng | ||
| 050 | 1 | 4 | _aHF5657.4 .D66 1994 |
| 100 | 3 |
_aDominiak,Geraldine F / Louderback III,Joseph G, _eauthor _93245 |
|
| 245 | 0 | 0 | _aManagerial Accounting |
| 250 | _a7th ed | ||
| 264 | 3 | 1 | _aCincinnati, Ohio: College Division, South-Western Pub. Co,1994 |
| 300 |
_a766p _bIncludes appendix indexes(p681-766) |
||
| 336 |
_atext _btxt _2rdacontent |
||
| 337 |
_aunmediated _bn _2rdamedia |
||
| 338 |
_avolume _bnc _2rdacarrier |
||
| 650 | 4 |
_aManagerial Accounting _93246 |
|
| 999 |
_aE1698 _c1698 _d1698 |
||